000 00460cam a2200193ua 4500
001 7531
008 141212n ii |||gr||||Z||||||ben
040 _cMAIN
041 _aben
082 _a294.5
100 _aMukhupadhyay, S.,
_eAuthor.
245 1 _aSanatandharma
_cBy Sujitkumar Mukhupadhyay
250 _a1st.
260 _aKolkatta:
_bBiswabharati,
_c1967.
300 _a39p.
653 _aReligions ofIndic origin
653 _aHinduism
942 _cBK
999 _c6654
_d6654